000 00693nam a22002057a 4500
999 _c13835
_d13835
003 AR-CdUCM
008 190416b ||||| |||| 00| 0 spa d
040 _aMUNICIPALIDAD PROVINCIAL DEL CUSCO
_cBIBLIOTECA MUNICIPAL DEL CUSCO
082 _a700 /
_bR84 / 2016
110 _aRegistro Nacional de identificación y estado civil
_932401
245 _aLos rostros del Perú /
260 _aLima :
_bImpreso en Daytomprimg,
_c2016.
300 _a179 paginas ;
_bIlustraciones,
_c34 cm.
505 _aContenido : Rostros del Perú
650 _aFotografías
_913109
650 _aPerú profundo
_928864
650 _aArte fotográfico
_913110
942 _2ddc
_cLIBROS
945 _awnts
_d2019-04-16